| 000 | 00475nam a22001577a 4500 | ||
|---|---|---|---|
| 999 |
_c528054 _d528054 |
||
| 020 | _qHard Cover. | ||
| 082 | _a510 | ||
| 100 | _aSamreen, Maria | ||
| 245 |
_aFixed Point Theoriems for for Banach-G type contractions / _cMaria Samreen. |
||
| 260 |
_aIslamabad: _bSNS - NUST, _c2014. |
||
| 300 |
_av, 114 p. : _c30cm. |
||
| 942 |
_2ddc _cTHE |
||
| 650 |
_aPh. D. Thesis. _919288 |
||
| 700 |
_aDr. Tayyab Kamran. _916844 |
||